=LDR 00000nam 2200000 4500 =001 INLIS000000000024611 =005 20130612123203 =008 ***********************************Ind** =035 ##$$0010-061300000024611 =041 ##$$a Ind =082 ##$$a 338.9 =090 ##$$a 338.9, Sar a =100 ##$$a Saragih, Bungaran =245 ##$$a Kumpulan pemikiran, Agribisnis, Paradikma baru pembangunan ekonomi berbasis pertanian, Bungaran Saragih =260 ##$$a 1998 $b Jakarta =300 ##$$a 278 hlm, 28 cm =650 ##$$a Agribisnis =850 ##$$a NBPNMAT